Bio-Intec : (Registro nro. 8121)

Detalles MARC
000 -LEADER
fixed length control field 01522nam a2200313 a 4500
001 - CONTROL NUMBER
control field 000000060
003 - CONTROL NUMBER IDENTIFIER
control field DO-SdBNP
005 - DATE AND TIME OF LATEST TRANSACTION
control field 20170925110102.0
007 - PHYSICAL DESCRIPTION FIXED FIELD--GENERAL INFORMATION
fixed length control field 000000060
008 - FIXED-LENGTH DATA ELEMENTS--GENERAL INFORMATION
fixed length control field 081117s2007 dr acd 000 0 spa d
020 ## - INTERNATIONAL STANDARD BOOK NUMBER
International Standard Book Number 9789993425717
020 ## - INTERNATIONAL STANDARD BOOK NUMBER
International Standard Book Number 9993425710
040 ## - CATALOGING SOURCE
Original cataloging agency BPMSU
Language of cataloging spa
Transcribing agency BPMSU
082 #4 - DEWEY DECIMAL CLASSIFICATION NUMBER
Classification number 570.724
Item number H519b
100 1# - MAIN ENTRY--PERSONAL NAME
Personal name Henríquez, Ana Mercedes
245 10 - TITLE STATEMENT
Title Bio-Intec :
Remainder of title una metodología integradora /
Statement of responsibility, etc. Ana Mercedes Henríquez, Mabel Artidiello Moreno.
260 ## - PUBLICATION, DISTRIBUTION, ETC. (IMPRINT)
Place of publication, distribution, etc. Santo Domingo :
Name of publisher, distributor, etc. INTEC,
Date of publication, distribution, etc. 2007.
300 ## - PHYSICAL DESCRIPTION
Extent ix, 248 p. :
Other physical details il. , graf. , retrs. ;
Dimensions 23 cm.
505 0# - FORMATTED CONTENTS NOTE
Formatted contents note Introducción --
Title Capítulo I. Características de la docencia e investigación.
-- Capítulo II. Proceso integrador en la docencia. --
-- Capítulo III. Bio-Intec y sus características.
-- Capítulo IV. Comité de Bio-Intec --
-- Capítulo V. Organización del Bio-Intec --
-- Capítulo VI. Proceso de evaluación del Bio-Intec --
-- Capitulo VII. Fase expositiva del BIO-INTEC
-- Capítulo VIII. BIO-INTEC en el tiempo
-- Capitulo IX. Impacto del BIO-INTEC en el proceso enseñanza-aprendizaje
-- Conclusiones --
-- Recomendaciones --
-- Bibliografía --
-- Anexos.
650 #4 - SUBJECT ADDED ENTRY--TOPICAL TERM
Topical term or geographic name as entry element BIOLOGÍA
General subdivision ENSEÑANZA
650 #4 - SUBJECT ADDED ENTRY--TOPICAL TERM
Topical term or geographic name as entry element INVESTIGACIÓN
General subdivision ENSEÑANZA
650 #4 - SUBJECT ADDED ENTRY--TOPICAL TERM
Topical term or geographic name as entry element INVESTIGACIÓN APLICADA
700 1# - ADDED ENTRY--PERSONAL NAME
Personal name Artidiello Moreno, Mabel
710 2# - ADDED ENTRY--CORPORATE NAME
Corporate name or jurisdiction name as entry element Instituto Tecnológico de Santo Domingo
910 ## - USER-OPTION DATA (OCLC)
User-option data Validado. Control de calidad MFF
942 ## - ADDED ENTRY ELEMENTS (KOHA)
Source of classification or shelving scheme Dewey Decimal Classification
Koha item type Libros
945 ## - LOCAL PROCESSING INFORMATION (OCLC)
a Inventario / 2017 VM
956 ## - LOCAL ELECTRONIC LOCATION AND ACCESS (OCLC)
Host name VMATEO
Access number 10
Compression information 20150807
Logon BPMSU
Processor of request 00151
Existencias
Withdrawn status Lost status Source of classification or shelving scheme Damaged status Not for loan Collection code Home library Current library Date acquired Source of acquisition Total Checkouts Full call number Barcode Date last seen Price effective from Koha item type
    Dewey Decimal Classification     Colección Dominicana Biblioteca Pública Metropolitana Salomé Ureña Biblioteca Pública Metropolitana Salomé Ureña 08/07/2015 FUNDI   570.724 H519b BPMSU15080216 08/07/2015 08/07/2015 Libros